000 00550nam a2200193Ia 4500
005 20250508152042.0
008 008 250505s9999 xx 000 0 eng d
037 _aTextual
040 _aFEDL
_beng
_cFEDL
041 _aeng
_2eng
084 _a338.5, AME
_qFEDL
245 0 _aReadings in price theory
260 _aLondon, UK
_bGeorge Allen and Unwin Limited
_c1956
300 _ax,568p.
490 _aThe American Economic Association Series
650 _aEconomics
942 _cTEXL
_h338.5, AME
999 _c1333936
_d1333936